La Migración urbana hacia Estados Unidos: tres ejemplos de la Zona Metropolitana de Guadalajara /

Un cambio importante que empezó a identificarse a finales de la década de 1980 en los flujos migratorios fue la participación de origen urbano en la migración hacia los Estados Unidos, sin embargo, después de dos décadas de este hallazgo, la migración urbana ha sido un fenómeno que no ha sido amplia...

Полное описание

Сохранить в:
Библиографические подробности
Главный автор: Arias, Patricia
Другие авторы: Woo Morales, Ofelia
Формат: Текст
Предметы:
Метки: Добавить метку
Нет меток, Требуется 1-ая метка записи!

MARC

LEADER 00000 a a2200000 04500
001 11619
003
040
100 |a Arias, Patricia  
245 |a La Migración urbana hacia Estados Unidos:   |b tres ejemplos de la Zona Metropolitana de Guadalajara /  |c Patricia Arias ; Ofelia Woo Morales 
500 |a Resumen también en inglés  
520 |a Un cambio importante que empezó a identificarse a finales de la década de 1980 en los flujos migratorios fue la participación de origen urbano en la migración hacia los Estados Unidos, sin embargo, después de dos décadas de este hallazgo, la migración urbana ha sido un fenómeno que no ha sido ampliamente estudiada por lo que existen muchas interrogantes sobre la población que está involucrada en el flujo migratorio y los efectos que la migración ha tenido en las poblaciones urbana. Para lograr lo anterior se necesitan estudios específicos que den cuenta de las características de ésta población y su participación en el proceso migratorio  
650 |a MIGRACION URBANA URBANA  
650 |a MIGRACION INTERNACIONAL  
650 |a ESTADISTICAS DE MIGRACION  
650 |a MEXICO  
650 |a ESTADOS UNIDOS  
650 |a MIGRACION  
650 |a DISTRIBUCION POR EDAD Y SEXO  
650 |a ESCOLARIDAD  
650 |a ESTADO CIVIL  
650 |a CLASIFICACION DE EMPLEO  
700 |a Woo Morales, Ofelia  
773 |g volumen 10, número 42; páginas 37-72  
999 |c 31705  |d 31705